Metody upravlenija technologičeskimi processami

Na minha lista:
Detalhes bibliográficos
Autor principal: Ray, W. Harmon
Formato: Livro
Idioma:russo
Publicado em: Moskva Mir 1983
Tags: Adicionar Tag
Sem tags, seja o primeiro a adicionar uma tag!

MARC

LEADER 00000nam a2200000 4500
001 c115731
005 20191014140447.1
041 0 |a rus 
044 |a RU 
245 1 0 |a Metody upravlenija technologičeskimi processami  |c W. Harmon Ray 
264 1 |a Moskva  |b Mir  |c 1983 
300 |a 367 s. 
100 1 |a Ray, W. Harmon